V Poľsku už nechcú referendum

Bibliographic Details
Main Author: Wiłanowski, Jan (Author)
Format: Article
Language:Slovak
Subjects:

MARC

LEADER 00000nab a2200000 a 4500
001 vtls000612791
003 SK-MaSNL
005 20260303014437.0
008 160401c1997 xo 0 slo
015 |a SNBRB19rr/mm-uuuuu 
035 |a CL0612930 
040 |a SNKBUCL  |b slo  |c SNKBUCL  |e AACR2 
041 0 |a slo 
044 |a xo  |c SK 
080 |a 327(438):327.51(100)  |2 1981 
080 |a 327.51(100)  |2 1981 
100 1 |a Wiłanowski, Jan  |4 aut  |9 845265 
245 1 0 |a V Poľsku už nechcú referendum  |c Jan Wiłanowski 
650 0 7 |a NATO  |2 snkbucl  |9 145807 
650 0 7 |a Poľsko  |2 snkbucl  |9 274601 
655 7 |a články z novín a časopisov  |2 snkbucl  |9 267496 
773 0 |t Pravda  |g Roč. 7, č. 53 (5. 3. 1997), s. 20 
850 |a Slovenská národná knižnica v Martine  |a MTA001 
852 |a SNK  |b KIS3GCP 
958 |a PL 
958 |a RK 
958 |a RBX 
999 |c 1607704  |d 1609634